[Event "XVII Open"]
[Site "Montcada i Reixac ESP"]
[Date "2009.07.04"]
[Round "9"]
[White "Moskalenko,V1"]
[Black "Robles Garcia,C"]
[Result "1-0"]
[WhiteElo "2528"]
[BlackElo "2267"]
[EventDate "2009.06.26"]

1. d4 Nf6 2. c4 c5 3. d5 b5 4. Qc2 bxc4 5. e4 d6 6. Bxc4 g6 7. Nf3 Bg7 8.
O-O O-O 9. Nc3 Nbd7 10. h3 Nb6 11. Be2 Nbd7 12. Bf4 Qb6 13. Rfe1 Rb8 14.
Rab1 Ba6 15. e5 dxe5 16. Nxe5 Nxe5 17. Bxe5 Rbc8 18. Rbd1 Bxe2 19. Rxe2 Qb7
20. d6 exd6 21. Rxd6 Rfd8 22. Rxf6 Re8 23. f4 Bxf6 24. Bxf6 Qa6 25. Rxe8+
Rxe8 26. Bh4 Qc4 27. Qc1 Re4 28. b3 Qd4+ 29. Bf2 1-0

[Event "XVII Open"]
[Site "Montcada i Reixac ESP"]
[Date "2009.07.04"]
[Round "9"]
[White "Llaneza Vega,P"]
[Black "Llaneza Vega,M"]
[Result "0-1"]
[WhiteElo "2229"]
[BlackElo "2522"]
[EventDate "2009.06.26"]

1. e4 c5 2. Nf3 e6 3. d4 cxd4 4. Nxd4 a6 5. c4 Qc7 6. Nc3 Nf6 7. a3 Be7 8.
Be2 b6 9. Be3 Bb7 10. f3 d6 11. O-O Nbd7 12. Rc1 O-O 13. b4 Rac8 14. Qd2
Qb8 15. Nb3 Bd8 16. Rfd1 Bc7 17. Bf4 Ne5 18. Bxe5 dxe5 19. c5 Qa7 20. Qc2
Bc6 21. Kh1 b5 22. Rd2 h5 23. Rcd1 h4 24. Bf1 Nh5 25. Nd5 exd5 26. exd5
Bxd5 27. Rxd5 Nf6 28. R5d3 Qb7 29. Qf2 h3 30. g3 e4 31. R3d2 Rce8 32. Re2
Qa8 33. Bxh3 exf3 34. Rxe8 Rxe8 35. c6 Qxc6 36. Nd4 Ne4 37. Qf1 Qd5 0-1

Villa De Aranjuez
-----------------

[Event "1st Int"]
[Site "Villa De Aranjuez ESP"]
[Date "2009.06.22"]
[Round "1"]
[White "De la Fuente Gonzalez,F"]
[Black "Suba,M"]
[Result "1/2-1/2"]
[WhiteElo "2190"]
[BlackElo "2542"]
[EventDate "2009.06.22"]

1. c4 Nf6 2. Nf3 c5 3. g3 b6 4. Bg2 Bb7 5. O-O e6 6. Nc3 a6 7. b3 d6 8. Bb2
Be7 9. d4 cxd4 10. Qxd4 Nbd7 11. e4 O-O 12. Rfe1 Rc8 13. Rad1 Qc7 14. Ba3
Nc5 15. e5 Bxf3 16. Bxf3 Nxb3 17. Qd3 Nc5 18. Bxc5 dxc5 19. exf6 Bxf6 20.
Ne4 Bd4 21. Ng5 g6 22. Qe4 h6 23. Nxe6 fxe6 24. Qxg6+ Qg7 25. Qxe6+ 1/2-1/2

[Event "1st Int"]
[Site "Villa De Aranjuez ESP"]
[Date "2009.06.24"]
[Round "5"]
[White "Taboas Rodriguez,D"]
[Black "De la Fuente Gonzalez,F"]
[Result "1/2-1/2"]
[WhiteElo "2370"]
[BlackElo "2190"]
[EventDate "2009.06.22"]

1. d4 d5 2. Nf3 Nf6 3. c4 c6 4. cxd5 cxd5 5. Nc3 Nc6 6. Bf4 a6 7. Rc1 e6 8.
e3 Bd6 9. Bg3 Bxg3 10. hxg3 Qd6 11. Bd3 Bd7 12. a3 h6 13. Na4 O-O 14. Nc5
Rab8 15. O-O e5 16. dxe5 Nxe5 17. Be2 Nxf3+ 18. Bxf3 Bb5 19. Re1 b6 20. Nd3
Rfd8 21. a4 Be8 22. b3 a5 23. Nf4 b5 24. axb5 Rxb5 25. Ne2 Rb4 26. Ra1 Qb6
27. Nd4 Rc8 28. Nf5 Kf8 29. Nd4 Kg8 30. Ra3 Bd7 31. Qa1 Rc5 32. Qa2 Ne4 33.
Bxe4 dxe4 34. Qb1 Bc6 35. Qd1 Bd5 36. Rf1 Kh7 37. Qg4 Bxb3 38. Qxe4+ g6 39.
Qe7 Bc4 40. Rc1 Rb1 41. Rac3 Rxc1+ 42. Rxc1 Qb2 43. Rd1 Rg5 44. Qc7 Ba2 45.
Nf3 Rb5 46. Nd4 Rg5 47. Qd7 Bb3 48. Qb7 a4 49. Nxb3 Qxb3 50. Qxb3 axb3 51.
Rb1 Rb5 52. Kf1 b2 53. Ke2 h5 54. Kd3 Kh6 55. Kc3 Rg5 56. Kxb2 Rf5 57. Rf1
Rc5 58. Rc1 Rf5 59. Rc2 Rg5 60. Rc4 Rf5 61. Rf4 Rb5+ 62. Kc3 f5 63. Kd2 g5
64. Rc4 g4 65. f3 Rb1 66. Rc6+ Kg7 67. Rc1 Rb2+ 68. Rc2 Rb1 69. Ke2 Rg1 70.
Kf2 Ra1 71. Rd2 Kf6 72. Rb2 Ra4 73. Rb6+ Kg7 74. Rb2 Kf6 75. Rc2 Kg6 76.
Re2 Kf6 77. e4 fxe4 78. Rxe4 Ra2+ 79. Re2 Ra3 80. Rd2 Kg6 81. Rd4 Ra2+ 82.
Kf1 Ra1+ 83. Ke2 Ra2+ 84. Rd2 Ra3 85. Rd6+ Kg7 86. Re6 Ra2+ 87. Kf1 Ra1+
88. Kf2 Ra2+ 89. Re2 Ra3 90. fxg4 hxg4 91. Re4 Ra2+ 92. Kg1 Kg6 93. Rxg4+
Kh5 94. Rb4 Kg5 95. Kh2 Ra8 96. Kh3 Ra3 97. Rb8 Rc3 98. Rg8+ Kh5 99. Rf8
Kg5 100. Rf3 Rc4 101. g4 Rc2 102. Rf5+ Kg6 103. Kg3 Ra2 104. Rf2 Ra3+ 105.
Kh4 Ra4 106. g3 Rb4 107. Rf4 Rb3 108. g5 Rb1 109. Rf6+ Kg7 110. Kh5 Rh1+
111. Kg4 Rg1 112. Ra6 Rg2 113. Ra7+ Kg6 114. Rb7 Rg1 115. Rb6+ Kg7 116. Ra6
Rg2 117. Rd6 1/2-1/2

[Event "1st Int"]
[Site "Villa De Aranjuez ESP"]
[Date "2009.06.25"]
[Round "6"]
[White "Adan Bermudez,S"]
[Black "Molina,Jo"]
[Result "1-0"]
[WhiteElo "2263"]
[BlackElo "2132"]
[EventDate "2009.06.22"]

1. c4 Nf6 2. g3 e6 3. Nf3 d5 4. b3 c5 5. Bg2 Nc6 6. O-O Be7 7. cxd5 exd5 8.
d4 O-O 9. Bb2 Ne4 10. dxc5 Bxc5 11. Nc3 Nxc3 12. Bxc3 Re8 13. e3 Bg4 14.
Qd3 Rc8 15. Rad1 Qb6 16. Ng5 g6 17. Bxd5 Rc7 18. Qc4 Bxd1 19. Bxf7+ Kf8 20.
Nxh7+ 1-0

[Event "1st Int"]
[Site "Villa De Aranjuez ESP"]
[Date "2009.06.25"]
[Round "6"]
[White "Lopez del Alamo,An"]
[Black "Sanchez Gonzalez,S"]
[Result "0-1"]
[WhiteElo "2331"]
[BlackElo "2256"]
[EventDate "2009.06.22"]

1. e4 c5 2. Nf3 d6 3. d4 Nf6 4. Nc3 cxd4 5. Nxd4 e6 6. Be3 a6 7. f3 b5 8.
g4 Be7 9. Qd2 d5 10. g5 b4 11. Na4 Nfd7 12. exd5 exd5 13. f4 Qa5 14. b3 Nc5
15. Nxc5 Bxc5 16. Bg2 O-O 17. O-O Bb7 18. Kh1 Nc6 19. Rad1 Rfe8 20. Nxc6
Bxc6 21. Bxc5 Qxc5 22. Rfe1 g6 23. h4 d4 24. Bxc6 Qxc6+ 25. Qg2 Qc3 26. Rf1
Rac8 27. Rd3 Qxc2 28. Qxc2 Rxc2 29. Rxd4 a5 30. Rfd1 Ree2 31. h5 gxh5 32.
f5 Rh2+ 33. Kg1 Rcg2+ 34. Kf1 Rf2+ 35. Kg1 Rhg2+ 36. Kh1 Rxg5 37. a3 bxa3
38. Ra4 Rgxf5 39. Rxa3 Rb5 40. Rda1 Rf3 41. Rxa5 Rxa5 42. Rxa5 Rxb3 43.
Rxh5 Rg3 44. Ra5 Kg7 45. Kh2 Rg6 46. Ra7 h6 47. Rb7 h5 48. Ra7 Rg4 49. Kh3
Kg6 50. Ra6+ Kg5 51. Ra5+ f5 52. Rb5 h4 53. Rb3 Re4 54. Ra3 Re5 55. Rb3 f4
56. Rb8 f3 57. Rb2 Rf5 58. Rf2 Rf8 59. Kh2 Kg4 60. Kg1 Kg3 61. Ra2 h3 62.
Rg2+ Kf4 63. Rg7 Rf5 64. Rh7 Rg5+ 65. Kh1 f2 66. Kh2 Rg2+ 67. Kxh3 Rg1 0-1

[Event "1st Int"]
[Site "Villa De Aranjuez ESP"]
[Date "2009.06.25"]
[Round "6"]
[White "De la Fuente Gonzalez,F"]
[Black "Barria Zuniga,D"]
[Result "1/2-1/2"]
[WhiteElo "2190"]
[BlackElo "2423"]
[EventDate "2009.06.22"]

1. c4 e6 2. Nf3 d5 3. d4 Nf6 4. g3 c6 5. Bg2 dxc4 6. Ne5 Bb4+ 7. Nc3 Nd5 8.
Bd2 Nb6 9. e3 O-O 10. Qe2 Bd6 11. Nxc4 Nxc4 12. Qxc4 b6 13. b4 Bb7 1/2-1/2

[Event "1st Int"]
[Site "Villa De Aranjuez ESP"]
[Date "2009.06.26"]
[Round "7"]
[White "Taboas Rodriguez,D"]
[Black "Adan Bermudez,S"]
[Result "1-0"]
[WhiteElo "2370"]
[BlackElo "2263"]
[EventDate "2009.06.22"]

1. d4 Nf6 2. Nf3 e6 3. c4 b6 4. Nc3 Bb7 5. Bg5 h6 6. Bh4 Be7 7. e3 Ne4 8.
Nxe4 Bxe4 9. Bg3 O-O 10. Bd3 Bb4+ 11. Ke2 Bxd3+ 12. Qxd3 d5 13. Rhc1 Bd6
14. cxd5 exd5 15. Rc3 Bxg3 16. hxg3 Nd7 17. b4 Nf6 18. Rac1 a5 19. b5 Rc8
20. Qc2 Ne8 21. Rc6 Nd6 22. a4 Nc4 23. Nd2 Nxd2 24. Kxd2 Re8 25. Ke2 Qe7
26. Qb3 Qd7 27. Qc3 Qe7 28. Kf1 Qe4 29. Rxc7 Rxc7 30. Qxc7 Re6 31. Qc8+ Re8
32. Qc2 Qe7 33. Qc6 Qd8 34. Kg1 Kh7 35. Qc2+ g6 36. Qc7 Qf6 37. Qf4 Kg7 38.
Rc7 Qxf4 39. gxf4 Kf6 40. Rb7 Re6 41. Rd7 Kf5 42. Rxd5+ Ke4 43. Rd7 f5 44.
Rc7 Kd5 45. Kf1 g5 46. fxg5 hxg5 47. Ke2 g4 48. Kd3 Rh6 49. Rf7 Ke6 50. Rb7
Kd5 51. f3 gxf3 52. gxf3 Rh3 53. Rxb6 Rxf3 54. Rf6 1-0

[Event "1st Int"]
[Site "Villa De Aranjuez ESP"]
[Date "2009.06.26"]
[Round "7"]
[White "Barria Zuniga,D"]
[Black "Kovacevic,Sl"]
[Result "1/2-1/2"]
[WhiteElo "2423"]
[BlackElo "2383"]
[EventDate "2009.06.22"]

1. d4 Nf6 2. c4 e6 3. Nc3 c5 4. e3 a6 5. Nf3 b6 6. Bd3 Bb7 7. O-O Be7 8.
Qe2 d6 9. Rd1 Nbd7 10. b3 Ra7 11. Bb2 1/2-1/2

[Event "1st Int"]
[Site "Villa De Aranjuez ESP"]
[Date "2009.06.26"]
[Round "7"]
[White "Sanchez Gonzalez,S"]
[Black "De la Fuente Gonzalez,F"]
[Result "1/2-1/2"]
[WhiteElo "2256"]
[BlackElo "2190"]
[EventDate "2009.06.22"]

1. c4 c5 2. Nc3 Nc6 3. Nf3 Nf6 4. d4 cxd4 5. Nxd4 g6 6. e4 Nxd4 7. Qxd4 d6
8. Be3 Bg7 9. f3 O-O 10. Qd2 Be6 11. Nb5 a6 12. Nd4 Bd7 13. Be2 Rc8 14. O-O
Ne8 15. Rfd1 Nc7 16. c5 dxc5 17. Nb3 Ba4 18. Qxd8 Rcxd8 19. Rxd8 Rxd8 20.
Nxc5 Bc6 21. Rb1 Bd4 22. Kf2 e5 23. Rc1 Nb5 24. Nd3 f6 25. Nb4 Be8 26. Bc4+
Kg7 27. Bxd4 Rxd4 28. Bxb5 Bxb5 29. Rc7+ Rd7 30. Nd5 Rxc7 31. Nxc7 Bd7 32.
Ke3 Kf7 33. Kd3 Be6 34. a4 Ke7 35. b4 Kd6 36. Nxe6 Kxe6 37. Kc4 Kd6 38. g3
b6 39. f4 Kc6 40. b5+ axb5+ 41. axb5+ Kd6 42. f5 g5 43. g4 Ke7 44. Kb4 Kd6
45. Kc4 Ke7 46. Kd5 1/2-1/2

[Event "1st Int"]
[Site "Villa De Aranjuez ESP"]
[Date "2009.06.26"]
[Round "8"]
[White "Adan Bermudez,S"]
[Black "Suba,M"]
[Result "0-1"]
[WhiteElo "2263"]
[BlackElo "2542"]
[EventDate "2009.06.22"]

1. c4 Nf6 2. g3 e5 3. Bg2 d5 4. cxd5 Nxd5 5. Nf3 Nc6 6. O-O Nb6 7. Nc3 Be7
8. Rb1 a5 9. d3 O-O 10. Be3 Bg4 11. Nd2 Re8 12. Bxb6 cxb6 13. Nc4 Bc5 14.
h3 Bh5 15. Ne4 Nd4 16. g4 Bg6 17. Nxc5 bxc5 18. Bxb7 Rb8 19. Be4 f5 20.
gxf5 Bh5 21. Re1 Qg5+ 22. Bg2 Rf8 23. Nd6 Rbd8 24. Ne4 Qxf5 25. Qd2 c4 26.
Kf1 Ne6 27. Qe3 cxd3 28. exd3 Nf4 29. Ng3 Qf7 30. Nxh5 Qxh5 31. Qxe5 Qh4
32. Qe4 Rxd3 33. Re3 Rd6 34. Rc1 Qg5 35. Qc4+ Kh8 36. Rg3 Qd8 37. Bf3 Rd2
38. Qc3 Qd7 39. Rxg7 Qd3+ 40. Qxd3 Nxd3 41. Rcc7 Rxf3 42. Rxh7+ Kg8 0-1

[Event "1st Int"]
[Site "Villa De Aranjuez ESP"]
[Date "2009.06.26"]
[Round "8"]
[White "De la Fuente Gonzalez,F"]
[Black "Fenollar Jorda,M"]
[Result "1-0"]
[WhiteElo "2190"]
[BlackElo "2373"]
[EventDate "2009.06.22"]

1. c4 Nf6 2. Nf3 c6 3. Nc3 d5 4. cxd5 cxd5 5. d4 Nc6 6. Bf4 Bf5 7. e3 e6 8.
Bb5 Nd7 9. Qa4 Rc8 10. O-O a6 11. Bxc6 Rxc6 12. Rfc1 Qc8 13. Ne2 Bc2 14.
Qa5 Be7 15. Ne1 O-O 16. Nxc2 Rxc2 17. Nc3 b6 18. Qa4 Rxc1+ 19. Rxc1 Qb7 20.
Ne2 Rc8 21. Qd1 b5 22. b3 Ba3 23. Rc2 Rc6 24. Qd3 b4 25. Kf1 Nf6 26. f3 h6
27. g4 Nd7 28. Rxc6 Qxc6 29. Ke1 Nf8 30. Kd2 Ng6 31. Bg3 Ne7 32. Qc2 f6 33.
Qxc6 Nxc6 34. Nf4 Kf7 35. Nd3 Ke7 36. Bc7 a5 37. h4 Kd7 38. Bb6 e5 39. h5
Ke7 40. Kc2 Kf7 41. f4 exd4 42. exd4 g6 43. Bc5 f5 44. gxf5 gxh5 45. Ne5+
Kf6 46. Nxc6 Kxf5 47. Ne7+ Kxf4 48. Nxd5+ 1-0

[Event "1st Int"]
[Site "Villa De Aranjuez ESP"]
[Date "2009.06.26"]
[Round "8"]
[White "Kovacevic,Sl"]
[Black "Sanchez Gonzalez,S"]
[Result "0-1"]
[WhiteElo "2383"]
[BlackElo "2256"]
[EventDate "2009.06.22"]

1. d4 Nf6 2. Nf3 d6 3. Bg5 Nbd7 4. Nbd2 h6 5. Bh4 g5 6. Bg3 Nh5 7. e4 Bg7
8. c3 c5 9. Nb3 Qb6 10. d5 Qc7 11. a4 a6 12. a5 b5 13. axb6 Qxb6 14. Nfd2
Nxg3 15. Nc4 Qc7 16. hxg3 Rb8 17. Nbd2 O-O 18. Ra2 Nf6 19. Bd3 e6 20. dxe6
fxe6 21. e5 dxe5 22. O-O Bb7 23. Qc2 Bd5 24. Raa1 e4 25. Be2 Qb7 26. Ra5 e3
27. Nxe3 Qxb2 28. Rxa6 Qxc2 29. Nxc2 Rb2 30. Rc1 Ne4 31. Nxe4 Bxe4 32. Bd1
Bxc3 33. Rxe6 Bd2 34. Ra1 Bxc2 35. Bxc2 Rxc2 36. Rxh6 Rc1+ 37. Rxc1 Bxc1
38. Rc6 Rf5 39. Kf1 Kf7 40. Ke2 Rd5 41. Kf3 Ba3 42. Kg4 Rd2 43. f4 gxf4 44.
gxf4 Rxg2+ 45. Kf5 Re2 46. Rc7+ Ke8 47. Kf6 Kd8 48. Ra7 Bb2+ 49. Kg5 c4 50.
f5 c3 0-1

[Event "1st Int"]
[Site "Villa De Aranjuez ESP"]
[Date "2009.06.27"]
[Round "9"]
[White "Fenollar Jorda,M"]
[Black "Kovacevic,Sl"]
[Result "1/2-1/2"]
[WhiteElo "2373"]
[BlackElo "2383"]
[EventDate "2009.06.22"]

1. d4 Nf6 2. Nf3 e6 3. Bg5 Be7 4. Nbd2 c5 5. e3 cxd4 6. exd4 b6 7. c3 Bb7
8. Bd3 a6 9. a4 d6 10. O-O Nbd7 11. Qe2 O-O 12. Rfe1 Re8 13. Nf1 Qc7 14.
Ng3 Bf8 15. Ne4 1/2-1/2

[Event "1st Int"]
[Site "Villa De Aranjuez ESP"]
[Date "2009.06.27"]
[Round "9"]
[White "Suba,M"]
[Black "Lopez del Alamo,An"]
[Result "1/2-1/2"]
[WhiteElo "2542"]
[BlackElo "2331"]
[EventDate "2009.06.22"]

1. c4 Nf6 2. Nc3 g6 3. e4 d6 4. d4 Bg7 5. Be2 O-O 6. Nf3 e5 7. O-O Na6 8.
Rb1 exd4 9. Nxd4 Nc5 10. f3 a5 11. Be3 Re8 12. Qd2 c6 13. Rfd1 Qe7 14. Nb3
Nfd7 15. Nxc5 dxc5 16. Re1 Nf8 17. Rbd1 Ne6 18. Bd3 Qc7 19. f4 Bd4 20. f5
Bxe3+ 21. Qxe3 Nd4 22. f6 Qe5 23. Rf1 Re6 24. Qf2 Rd6 25. Rde1 Bd7 26. Qh4
Re8 27. Nd5 cxd5 28. exd5 Qh5 29. Qf4 Ra6 30. Rxe8+ Bxe8 31. Qb8 Kf8 32.
Qxb7 Rxf6 33. Rxf6 Qd1+ 34. Bf1 Ne2+ 35. Kh1 Qd4 36. Bxe2 Qxf6 37. Qb3 h5
38. h3 h4 39. Qe3 Qe7 40. Qf2 Kg7 41. Bf3 g5 42. Qd2 Qe5 43. Qxa5 Qxb2 44.
Qxc5 Qc1+ 45. Kh2 Qf4+ 46. Kg1 Qc1+ 47. Kf2 Qd2+ 48. Be2 Qxa2 49. Qd4+ f6
50. c5 Bb5 51. Qe4 Bxe2 52. Qe7+ Kg6 53. Qxe2 Qxd5 54. Qc2+ Kf7 55. Qc3 Qc6
56. Qe3 Qd5 57. Qc3 Qc6 58. Qc2 Ke6 59. Ke3 f5 60. Kf2 Kf6 61. Qc4 Ke5 62.
Qc2 Kf6 63. Ke3 Ke5 64. Qb2+ Kd5 65. Qd4+ Ke6 66. Kf2 Qd5 67. Qe3+ Kf6 68.
Qc3+ Qe5 69. Qb4 g4 70. hxg4 fxg4 1/2-1/2

Norwegian Championship
----------------------

[Event "ch-NOR"]
[Site "Bergen NOR"]
[Date "2009.07.04"]
[Round "1"]
[White "Houska,Jo"]
[Black "Bae,T"]
[Result "1/2-1/2"]
[WhiteElo "2392"]
[BlackElo "2408"]
[EventDate "2009.07.04"]

1. d4 Nf6 2. Nf3 g6 3. c4 Bg7 4. g3 O-O 5. Bg2 d5 6. cxd5 Nxd5 7. O-O Nb6
8. Nc3 Nc6 9. Bf4 Nxd4 10. Nxd4 e5 11. Nc6 Qxd1 12. Ne7+ Kh8 13. Rfxd1 exf4
14. Nxc8 Raxc8 15. Bxb7 Rb8 16. Ba6 fxg3 17. hxg3 Bxc3 18. bxc3 Rfd8 19.
Rab1 Kg7 20. Kg2 Rxd1 21. Rxd1 Na4 22. Bc4 Nb2 23. Rd4 Nxc4 24. Rxc4 Rb2
25. Rxc7 Rxa2 26. e4 a5 27. g4 a4 28. g5 Rc2 29. Ra7 Rxc3 30. Rxa4 1/2-1/2

[Event "ch-NOR"]
[Site "Bergen NOR"]
[Date "2009.07.05"]
[Round "2"]
[White "Hansen,TR"]
[Black "Houska,Jo"]
[Result "1/2-1/2"]
[WhiteElo "2440"]
[BlackElo "2392"]
[EventDate "2009.07.04"]

1. e4 c6 2. Nc3 d5 3. Nf3 Bg4 4. h3 Bxf3 5. Qxf3 Nf6 6. d3 e6 7. Bd2 Nbd7
8. g4 Bb4 9. a3 Ba5 10. g5 Ng8 11. h4 Ne7 12. Bg2 d4 13. Nb1 Bxd2+ 14. Nxd2
Qc7 15. h5 h6 16. gxh6 Rxh6 17. O-O-O Rf6 18. Qg4 O-O-O 19. Rdf1 Qf4 20.
Rh4 Qxg4 21. Rxg4 Rh8 22. Rxg7 Rxh5 23. f4 Ng6 24. f5 exf5 25. exf5 Rfxf5
26. Rxf7 Rxf1+ 27. Rxf1 Rg5 28. Rf2 Nf4 29. Rxf4 Rxg2 30. b4 Rg1+ 31. Kb2
Nb6 32. Rxd4 Rd1 33. Ne4 Na4+ 34. Kb3 b5 35. Nc3 Nxc3 36. Kxc3 Kc7 37. Rh4
Kb6 38. Rh6 Ra1 39. Kb2 Rd1 40. Re6 Kc7 41. Re5 Kb6 42. Rh5 a5 43. bxa5+
Kxa5 44. a4 Kxa4 45. Rc5 b4 46. Rxc6 Kb5 47. Rc8 Rh1 48. Rc4 Rd1 49. Rh4
Rg1 50. Rh5+ Ka4 51. Rc5 Rd1 52. Rd5 Rh1 53. Rd8 Kb5 54. Ra8 Rg1 55. Ra1
Rg5 56. Re1 Ka4 57. Ra1+ Kb5 58. Kb3 Rc5 59. Re1 Rc3+ 60. Kb2 Rc5 61. Re8
Ka4 62. Ra8+ Kb5 63. Rb8+ Ka4 64. Re8 Kb5 65. Re4 Rc8 66. Rg4 Rc5 67. Rg8
Ka4 68. Re8 Kb5 69. Kc1 Rh5 70. Kd2 Rh2+ 71. Re2 Rh3 72. Re5+ Ka4 73. d4 b3
74. cxb3+ Rxb3 75. Re3 Rb4 76. Kd3 Kb5 77. Re6 Rb1 78. Ke4 Rh1 79. Kd5 Rh5+
80. Re5 Rh6 81. Re4 Rg6 82. Re6 Rg5+ 83. Re5 Rg6 84. Rh5 Kb6 85. Rh7 Rg5+
86. Kd6 Rg6+ 87. Kd7 Rg5 88. Rh6+ Kb5 89. Rd6 Rh5 90. Ke6 Rh6+ 91. Ke5 Rh5+
92. Kf4 Kc4 93. d5 1/2-1/2

[Event "ch-NOR"]
[Site "Bergen NOR"]
[Date "2009.07.06"]
[Round "3"]
[White "Houska,Jo"]
[Black "Hammer,J"]
[Result "1/2-1/2"]
[WhiteElo "2392"]
[BlackElo "2583"]
[EventDate "2009.07.04"]

1. d4 Nf6 2. Nf3 d5 3. c4 e6 4. g3 dxc4 5. Bg2 a6 6. Ne5 Bb4+ 7. Nc3 Nd5 8.
Bd2 Nb6 9. e3 N8d7 10. Nxd7 Bxd7 11. Bxb7 Rb8 12. Bg2 O-O 13. O-O Qe7 14.
e4 f6 15. Re1 e5 16. Nd5 Nxd5 17. exd5 Ba4 18. Qxa4 Bxd2 19. Qxc4 Qb4 20.
Qxb4 Rxb4 21. Re2 Rxd4 22. Rd1 Bc3 23. Rxd4 Bxd4 24. Rc2 Rb8 25. b3 Bb6 26.
Bh3 h5 27. Be6+ Kh7 28. Kg2 a5 29. f4 exf4 30. gxf4 g5 31. Kf3 Kg6 32. h3
f5 33. fxg5 Kxg5 34. Rg2+ Kf6 35. Rg8 Rxg8 36. Bxg8 1/2-1/2

[Event "ch-NOR"]
[Site "Bergen NOR"]
[Date "2009.07.06"]
[Round "3"]
[White "Urkedal,F"]
[Black "Lie,K"]
[Result "1/2-1/2"]
[WhiteElo "2333"]
[BlackElo "2541"]
[EventDate "2009.07.04"]

1. d4 Nf6 2. Nf3 e6 3. e3 c5 4. Bd3 b6 5. O-O Be7 6. e4 d5 7. exd5 exd5 8.
Bb5+ Bd7 9. Bxd7+ Qxd7 10. Ne5 Qb7 11. Re1 O-O 12. Nc3 Re8 13. Bg5 Na6 14.
Qf3 Rad8 15. Rad1 Nc7 16. Ng4 Ne4 17. Nxe4 dxe4 18. Rxe4 Ne6 19. Be3 Kh8
20. Ne5 Bf6 21. Ng6+ fxg6 22. Rxe6 Qxf3 23. Rxe8+ Rxe8 24. gxf3 cxd4 25.
Bxd4 Re2 26. Bxf6 gxf6 27. Rd8+ Kg7 28. Rd7+ Kh6 29. Rc7 a5 30. Rc6 Re1+
31. Kg2 b5 32. Rc5 b4 33. Rxa5 Rb1 34. a3 Rxb2 35. axb4 Rxb4 36. Ra1 Rc4
37. Rc1 Kg5 38. c3 Kf4 39. Rc2 h5 40. Rc1 h4 41. h3 f5 42. Rc2 g5 43. Rc1
g4 44. fxg4 fxg4 45. hxg4 1/2-1/2

First Saturday July
-------------------

[Event "FSGM July"]
[Site "Budapest HUN"]
[Date "2009.07.04"]
[Round "1"]
[White "Lorscheid,G"]
[Black "Jugelt,T"]
[Result "0-1"]
[WhiteElo "2345"]
[BlackElo "2398"]
[EventDate "2009.07.04"]

1. d4 d5 2. c4 c6 3. Nf3 Nf6 4. Qc2 g6 5. Bf4 Bg7 6. e3 O-O 7. Nc3 Qa5 8.
Be2 dxc4 9. Bxc4 b5 10. Bb3 Bf5 11. Qe2 Ne4 12. O-O Nxc3 13. bxc3 Qxc3 14.
Rfc1 Qb4 15. Bxb8 Raxb8 16. Rxc6 a5 17. Qb2 e6 18. Qd2 Qa3 19. Rac1 Be4 20.
R6c5 a4 21. Bc2 Bd5 22. Bb1 Rfd8 23. Ne1 Bc4 24. Bd3 Bf8 25. Rc6 Bd5 26.
R6c2 b4 27. e4 b3 28. axb3 Bxb3 29. Rc7 Bb4 30. Qf4 e5 31. Qf6 Bxe1 32.
Rxe1 Rxd4 33. Qxe5 Rxd3 0-1

[Event "FSGM July"]
[Site "Budapest HUN"]
[Date "2009.07.04"]
[Round "1"]
[White "Flumbort,A"]
[Black "Bertholee,R"]
[Result "1/2-1/2"]
[WhiteElo "2507"]
[BlackElo "2368"]
[EventDate "2009.07.04"]

1. d4 Nf6 2. c4 g6 3. Nc3 Bg7 4. e4 d6 5. Be2 O-O 6. Nf3 c5 7. O-O cxd4 8.
Nxd4 Nc6 9. Be3 Bd7 10. Qd2 Nxd4 11. Bxd4 Bc6 12. f3 Nd7 13. Be3 a5 14. b3
Nc5 15. Rab1 Qb6 16. Rfc1 Rfc8 17. Rc2 Qd8 18. Bf1 Qf8 19. Nd5 Bxd5 20.
exd5 e5 21. dxe6 fxe6 22. Rd1 Ra6 23. Qf2 Bh6 24. Rcd2 Bxe3 25. Qxe3 Qe7
26. a3 Rb6 27. Rb1 Rbc6 28. b4 axb4 29. axb4 Nd7 30. Rbd1 Nb6 31. b5 Nxc4
32. Bxc4 Rxc4 33. Rxd6 Rc1 34. Rxc1 Rxc1+ 35. Qxc1 Qxd6 36. Qc8+ Kg7 37.
Qxb7+ Kf6 38. f4 Qd4+ 39. Kf1 Qxf4+ 40. Qf3 Qxf3+ 41. gxf3 Ke5 42. Ke2 Kd5
43. Ke3 Kc5 44. Kf4 Kxb5 45. Kg5 Kc4 46. Kh6 Kd4 47. Kxh7 Ke3 48. Kxg6 Kxf3
49. Kf6 Kg4 1/2-1/2

[Event "FSGM July"]
[Site "Budapest HUN"]
[Date "2009.07.04"]
[Round "1"]
[White "Ilincic,Z"]
[Black "Antal,Ge"]
[Result "1/2-1/2"]
[WhiteElo "2479"]
[BlackElo "2479"]
[EventDate "2009.07.04"]

1. d4 Nf6 2. c4 g6 3. g3 c6 4. Bg2 d5 5. cxd5 cxd5 6. Nf3 Bg7 7. Nc3 O-O 8.
Ne5 Nc6 9. f4 e6 10. O-O Nd7 11. Be3 Ndxe5 12. fxe5 f6 13. exf6 Rxf6 14.
Qd2 Bd7 15. Bf4 Qe7 16. e3 g5 17. Bc7 Rc8 18. Rxf6 Bxf6 19. Nb5 Qg7 20. Bd6
Ne7 21. Nxa7 Ra8 22. Bc5 Nf5 23. Rf1 Be7 24. Bb6 Nd6 25. b3 g4 26. Qe2 Bg5
27. a4 h5 28. Bc5 Nf5 29. e4 Ne3 30. Re1 Nxg2 31. Qxg2 Bf6 32. Rd1 Qg5 33.
Re1 Qg7 1/2-1/2

[Event "FSGM July"]
[Site "Budapest HUN"]
[Date "2009.07.04"]
[Round "1"]
[White "Fogarasi,T"]
[Black "Rombaldoni,D"]
[Result "1/2-1/2"]
[WhiteElo "2419"]
[BlackElo "2465"]
[EventDate "2009.07.04"]

1. e4 c5 2. Nf3 d6 3. d4 cxd4 4. Nxd4 Nf6 5. Bd3 Nc6 6. Nxc6 bxc6 7. f4 g6
8. O-O Bg7 9. Kh1 O-O 10. Nc3 Rb8 11. Rb1 Bg4 12. Qe1 Qb6 13. Bd2 Bd7 14.
Na4 Qc7 15. Ba5 Qc8 16. b3 e5 17. f5 gxf5 18. exf5 1/2-1/2

[Event "FSIMB July"]
[Site "Budapest HUN"]
[Date "2009.07.04"]
[Round "1"]
[White "Eperjesi,L"]
[Black "Koppenhoefer,B"]
[Result "1-0"]
[WhiteElo "2250"]
[BlackElo "2160"]
[EventDate "2009.07.04"]

1. d4 e6 2. c4 Nf6 3. Nf3 d5 4. e3 c5 5. Nc3 Nc6 6. cxd5 Nxd5 7. Bd3 cxd4
8. exd4 Be7 9. O-O O-O 10. Re1 Bf6 11. Be4 Nce7 12. Qd3 h6 13. Ne5 Nxc3 14.
Qxc3 Nd5 15. Qg3 Bh4 16. Qf3 f5 17. Bxd5 exd5 18. Bf4 Re8 19. Qh5 Be6 20.
Bxh6 gxh6 21. Qg6+ Kh8 22. Qxh6+ Kg8 23. Qg6+ Kh8 24. Re3 Qf6 25. Rh3 1-0

[Event "FSIMB July"]
[Site "Budapest HUN"]
[Date "2009.07.04"]
[Round "1"]
[White "Lammers,M"]
[Black "Muranyi,K"]
[Result "0-1"]
[WhiteElo "2297"]
[BlackElo "2366"]
[EventDate "2009.07.04"]

1. e4 c6 2. d4 d5 3. exd5 cxd5 4. c4 Nf6 5. Nc3 e6 6. Nf3 Nc6 7. a3 Be7 8.
c5 Ne4 9. Qc2 f5 10. Be2 O-O 11. O-O Bd7 12. b4 Bf6 13. Rd1 a6 14. Na4 g5
15. Bb2 g4 16. Ne5 Nxe5 17. dxe5 Bxa4 18. Qxa4 Bg7 19. c6 b5 20. Qc2 Qc7
21. a4 Bxe5 22. Bxe5 Qxe5 23. Bd3 Rfc8 24. axb5 axb5 25. Rxa8 Rxa8 26. Rc1
d4 27. Bxe4 fxe4 28. c7 Rc8 29. Qc6 Qd5 30. Qa6 Qd7 31. Qb7 d3 32. g3 e3
33. Qe4 e2 34. Qxg4+ Kh8 35. Qg5 d2 36. Qf6+ Kg8 37. Qg5+ Kf7 38. Qh5+ Kf8
39. Qh6+ Ke8 40. Qh5+ Qf7 41. Qxb5+ Kf8 0-1

[Event "FSIMB July"]
[Site "Budapest HUN"]
[Date "2009.07.04"]
[Round "1"]
[White "Admiraal,M"]
[Black "Petran,Pa"]
[Result "0-1"]
[WhiteElo "2173"]
[BlackElo "2369"]
[EventDate "2009.07.04"]

1. d4 Nf6 2. Nf3 e6 3. g3 d5 4. Bg2 b5 5. O-O Bb7 6. Bf4 Bd6 7. Nbd2 Nbd7
8. e3 a5 9. Ne5 O-O 10. g4 Ne8 11. Bg3 c5 12. f4 f6 13. Nxd7 Qxd7 14. Nf3
Rc8 15. c3 b4 16. g5 bxc3 17. bxc3 cxd4 18. cxd4 Rc3 19. Re1 Bb4 20. Bf1
Nd6 21. Bd3 Ne4 22. Bxe4 dxe4 23. Nd2 Rd3 24. Re2 fxg5 25. fxg5 Rf5 26. Qc1
Rxg5 27. Nf1 h5 28. Rg2 Rc3 29. Qb2 Rc8 30. Be5 Bc3 31. Qb1 Rxg2+ 32. Kxg2
Bxa1 33. Qxa1 Rc2+ 34. Kh1 Qf7 35. Qe1 Qf3+ 36. Kg1 Qg2+ 0-1

[Event "FSIMB July"]
[Site "Budapest HUN"]
[Date "2009.07.04"]
[Round "1"]
[White "Mihok,O"]
[Black "Adams,N"]
[Result "1-0"]
[WhiteElo "2357"]
[BlackElo "2211"]
[EventDate "2009.07.04"]

1. e4 e5 2. Nf3 Nc6 3. Bb5 a6 4. Ba4 d6 5. d4 b5 6. Bb3 Nxd4 7. Nxd4 exd4
8. Bd5 Rb8 9. Bc6+ Bd7 10. Bxd7+ Qxd7 11. Qxd4 Nf6 12. O-O Be7 13. Nc3 O-O
14. Bf4 Rfe8 15. Rad1 b4 16. Ne2 Qe6 17. Ng3 Bf8 18. Rfe1 c5 19. Qd3 Qxa2
20. b3 c4 21. bxc4 b3 22. cxb3 Rxb3 23. Qf1 Rc3 24. Rd4 Qa4 25. Nf5 Qc6 26.
Bd2 Rb3 27. f3 Nd7 28. Kh1 Nc5 29. Rc1 Qb6 30. Rd5 a5 31. Bf4 a4 32. Bxd6
Bxd6 33. Rxd6 Qc7 34. Qd1 Ne6 35. c5 Reb8 36. c6 Nf8 37. Qd4 f6 38. Qxa4 g6
39. Qc4+ Kh8 40. Nh6 Kg7 41. Qd4 Rb1 42. Qxf6+ Kxh6 43. Rdd1 Rxc1 44. Rxc1
Re8 45. e5 Ne6 46. Rc4 Ng7 47. Rh4+ Nh5 48. g4 Rxe5 49. gxh5 Rxh5 50. Qf8+
1-0